00539nam a22001817a 450000500170000001000230001702000260004003500170006603500140008303500130009703700150011008200160012510000110014124500940015226000510024630000260029770000340032320170801100925.0 a1617EN ENG-117097 a9780674495234c295.00 aB-649250-259 aEN-100629 aB-667252 adplbAakar a954.0254092 aBharvi aArjuna and the hunter /cby Bharavi, edited and translated by Indira Visvanathan Peterson aLondonbMurty Classical Library of Indiac2016 axlvi,430p.c19cm(pbk) a Peterson, Indira Visvanathan